000
00264nam a22001217a 4500
003
OSt
008
231013b |||||||| |||| 00| 0 eng d
041
_a
mal
082
_a
894.8122
_b
THa/KA
100
_a
Thalappil, N N
_9
5525
245
_a
Kallum Karayum
942
_c
BK
999
_c
17744
_d
17744